Riconosci lo Stato - Quiz n°109 - Statistics

Statistiche generali
  • Questo quiz è stato fatto 21 volte
  • Il punteggio medio è 13 su 13
Statistiche sulle risposte
Indizio Risposta % Corretto
Superficie 338 424,38 km²
100%
Popolazione 5 536 146 ab.
100%
Presidente della Repubblica Alexander Stubb
100%
Valuta Euro
100%
Iniziale della Capitale H
100%
Ministro capo Petteri Orpo
100%
Forma di Governo Repubblica parlamentare[
100%
Fuso Orario UTC+2 UTC+3 (ora legale)
100%
Tasso di crescita 0,33%
94%
ISU 0,940
94%
PIL (nominale) 275 321 milioni di $
94%
Indipendenza 4 gennaio 1918 dall'Impero russo
94%
Risposta Finlandia
94%
Nessun quiz corrispondente trovato
Distribuzione punteggi
Percentuale di utenti per punteggio
Percentile per numero di risposta
I tuoi punteggi nel tempo
Non hai fatto questo quiz